000 00487nam a2200181Ia 4500
005 20250326124115.0
008 250326s9999 xx 000 0 und d
037 _aTextbook
040 _aFMSL
_beng
_cFMSL
041 _aeng
_2eng
084 _aX:g L3
_qFMSL
100 _aHunt E K
245 0 _aCritique oof economic theory
_cHunt E K; Schwartz J G
260 _aUSA
_bUSA, Penguin Education
_c1973
300 _a463p
942 _cTB
_hX:g L3
999 _c1272314
_d1272314